| 000 | 00913nam a2200277 a 4500 | ||
|---|---|---|---|
| 001 | 58060 | ||
| 005 | 20191004131953.0 | ||
| 008 | 140415s1998 mx r 000 0 spa d | ||
| 020 | _a9683671454 | ||
| 040 |
_aMX-PuUPA _bspa _erda _cMx-PuUPA _dMx-PuUPA |
||
| 041 | _aspa | ||
| 082 | 0 |
_a500 _bSAN |
|
| 100 | 1 |
_aSáÂnchez, Ana María, _eautor |
|
| 245 | 1 | 3 |
_aLa divulgación de la ciencia como literatura / _cAna María Sánchez Mora. |
| 250 | _aPrimera edición | ||
| 264 | 1 |
_aMéxico, D.F. : _bDirección General de Divulgación de la Ciencia, UNAM, _c1998 |
|
| 300 |
_a178 páginas ; _c22 cm. |
||
| 336 |
_atexto _2rdacontent |
||
| 337 |
_asin mediación _2rdamedia |
||
| 338 |
_avolumen _2rdacarrier |
||
| 490 | 0 | _aDivulgación para divulgadores | |
| 650 | 4 |
_aCiencia _xDifusión |
|
| 650 | 4 |
_aCiencia _xHistoria |
|
| 650 | 4 |
_aFormas literarias _xTeoría |
|
| 999 |
_c58060 _d58060 |
||
| 942 |
_h500 _iSAN _cLI |
||